000 01719nam0a2200349 4500
001 RU\NLR\bibl\1489649
005 20260405200800.0
010 _a978-5-903618-21-7
_9500
021 _aRU
_b2010-4504
_9280
035 _a(nilc)EL/0000307508
035 _a(NLR Aleph) 001481232
090 _a1704768
_c1704768
100 _a20091204d2009 |||y0rusy50 ca
101 0 _arus
102 _aRU
105 _aa |||||||||
200 1 _aУправление фондами обращения в цепи поставок промышленного предприятия
_eмонография
_fС. А. Суслов, А. Г. Бутрин
_gМ-во образования и науки Рос. Федерации, Федер. агентство по образованию
210 _aЧелябинск
_c[б.и.]
_d2009
_gООО "Абрис-Принт"
215 _a99 с.
_cил.
_d21
320 _aБиблиогр.: с. 78-84 (95 назв.)
606 1 _aПромышленные предприятия
_xОборотные средства
_xУправление
_92267352
_3RU\NLR\auth\661359118
686 _a65.301-572.8
_vLBC/M
_2rubbk
686 _a06.71.03
_2rugasnti
686 _aУ30(2)-572-21
700 1 _4070
_7ca
_8rus
_aСуслов
_bС. А.
_cканд. экон. наук, финансы
_gСергей Александрович
_971308
_3RU\NLR\auth\7788380
701 1 _4070
_7ca
_8rus
_aБутрин
_bА. Г.
_f1973-
_gАндрей Геннадьевич
_964522
_3RU\NLR\auth\7781594
801 0 _aRU
_bЧелябинская ОУНБ
_c20091204
_gRCR
801 1 _aRU
_bЧелябинская ОУНБ
_c20091204
_2rusmarc
801 2 _aRU
_bNLR
_c20100324
_grcr
942 _cBOOK
980 _aNB